000 00656nam a22001697a 4500
999 _c11762
_d11762
003 OSt
005 20181220153525.0
008 181220b ||||| |||| 00| 0 eng d
040 _c0
082 _aDPer 910.5 T69 Apr-June 2015 v. 45, n.4-5f
245 _aGood to the bone :
_bThe humble broth does more than soothe the soul /
_cRecipes and styling by Kathrine Jao ; Photograph by Justin de Jesus ; Text by6 Kristine Ching
260 _aQuezon City, Philippines :
_bABS-CBN Publishing Inc.,
_ccApr-June 2015.
300 _av. 45, n. 2, p. 106-108
_bcolored illustrations ;
_c28 cm.
500 _aFood
650 _aFood
_vPeriodical
_933440
942 _2ddc
_cPER